header

The history of Louisa Barnes Pratt (Record no. 131252)

MARC details
000 -LEADER
fixed length control field 01917nam a2200409 a 4500
082 04 - DEWEY DECIMAL CLASSIFICATION NUMBER
Classification number 289.3/092
-- B
100 1# - MAIN ENTRY--AUTHOR NAME
Personal name Pratt, Louisa Barnes,
245 14 - TITLE STATEMENT
Title The history of Louisa Barnes Pratt
260 ## - PUBLICATION, DISTRIBUTION, ETC. (IMPRINT)
Place of publication Logan, Utah :
Name of publisher Utah State University Press,
Year of publication 1998.
300 ## - PHYSICAL DESCRIPTION
Number of Pages xxviii, 420 p. :
Other physical details ill., port.
490 1# - SERIES STATEMENT
Series statement Life writings of frontier women ;
500 ## - GENERAL NOTE
General note "A New England youth, at Nauvoo and Salt Lake City, mission to the Society Islands, Mormon life in California, pioneering in Beaver, Utah."
505 0# - FORMATTED CONTENTS NOTE
Formatted contents note pt. 1. On joining the Mormons -- pt. 2. On a Mormon mission to Tahiti -- pt. 3. On early California -- pt. 4. On pioneer living in Beaver.
650 #0 - SUBJECT ADDED ENTRY--TOPICAL TERM
Topical Term Mormons
Topical Term Frontier and pioneer life.
700 1# - ADDED ENTRY--PERSONAL NAME
Personal name Ellsworth, S. George
856 40 - ELECTRONIC LOCATION AND ACCESS
Uniform Resource Identifier http://site.ebrary.com/lib/rucke/Doc?id=10500178

No items available.

© 2026 Rongo University
Contact us: librarian | system librarian | Rongo university